000 00343 a2200157 4500
001 179592
020 _a
040 _cMagnum
100 _aSpecker, Louis
240 1 0 _aA corrida dos animais
_lpor
245 1 0 _aA corrida dos animais
362 0 _a1899
440 1 _aMelhoramentos
697 _aMAGNITO: IJ/FADAS, FANTASIA
942 _cBK
999 _c179592
_d179592